Chemical-specific adjustment factors for interspecies differences and human variability: Guidance document for use of data in dose/concentration-response assessment (Registro nro. 2017)

Detalles MARC
000 -LEADER
fixed length control field 01011nam a2200301 a 4500
003 - CONTROL NUMBER IDENTIFIER
control field OSt
005 - FECHA ULTIMA MODIFICACION
control field 20190627105808.0
008 - FIXED-LENGTH DATA ELEMENTS--GENERAL INFORMATION
fixed length control field 131106s2005 sz ||||| |||| 00| 0 eng d
020 ## - INTERNATIONAL STANDARD BOOK NUMBER
International Standard Book Number 92-4-154678-6
040 ## - CATALOGING SOURCE
Transcribing agency Biblioteca Medicina
041 ## - LANGUAGE CODE
Language code of text/sound track or separate title eng
082 ## - DEWEY DECIMAL CLASSIFICATION NUMBER
Edition number OMS QV 602
110 ## - MAIN ENTRY--CORPORATE NAME
Corporate name or jurisdiction name as entry element Organizacion Mundial de la Salud
9 (RLIN) 1006
245 00 - TITLE STATEMENT
Title Chemical-specific adjustment factors for interspecies differences and human variability: Guidance document for use of data in dose/concentration-response assessment
250 ## - EDITION STATEMENT
Edition statement 1° ed.
260 ## - PUBLICATION, DISTRIBUTION, ETC. (IMPRINT)
Place of publication, distribution, etc Ginebra
Name of publisher, distributor, etc Organizacion Mundial de la Salud
Date of publication, distribution, etc 2005
300 ## - PHYSICAL DESCRIPTION
Extent 96 p.
440 00 - SERIES STATEMENT/ADDED ENTRY--TITLE
Title IPCS
Number of part/section of a work nro 2
9 (RLIN) 2810
500 ## - GENERAL NOTE
General note Baja Depósito Caja 33 Junio 2019
546 ## - LANGUAGE NOTE
Language note Texto en ingles
653 ## - INDEX TERM--UNCONTROLLED
Uncontrolled term COMPUESTOS QUIMICOS-FARMACOCINETICA
653 ## - INDEX TERM--UNCONTROLLED
Uncontrolled term COMPUESTOS QUIMICOS-TOXICIDAD
653 ## - INDEX TERM--UNCONTROLLED
Uncontrolled term NIVEL SIN EFECTOS ADVERSOS OBSERVADOS
653 ## - INDEX TERM--UNCONTROLLED
Uncontrolled term ESPECIFICIDAD DE LA ESPECIE
653 ## - INDEX TERM--UNCONTROLLED
Uncontrolled term MEDICION DE RIESGO-NORMAS
653 ## - INDEX TERM--UNCONTROLLED
Uncontrolled term GUIAS
942 ## - ADDED ENTRY ELEMENTS (KOHA)
Source of classification or shelving scheme Dewey Decimal Classification
Koha item type Hemeroteca
Existencias
Withdrawn status Lost status Fuente de clasificación Damaged status Use restrictions Not for loan Colección Ubicación permanente Ubicación actual Sala de ubicación Fecha de adquisición Total Checkouts Código de barras Date last seen Número de ejemplar Price effective from Koha tipo de elemento (item)
    Dewey Decimal Classification   Restricted Access Not For Loan Non-fiction Biblioteca Medicina Biblioteca Medicina Circulación 06/11/2013   H0268 06/11/2013 Ej. 1 06/11/2013 Hemeroteca

UNIVERSIDAD NACIONAL DEL COMAHUE
Biblioteca de la Facultad de Ciencias Médicas
Sede Toschi: Los Arrayanes y Av. Toschi, Cipolletti  - Rio Negro
Sede Los Tordos:  Yrigoyen al 2211, Cipolletti - Rio Negro 

Teléfono: 0299 - 4774707 int 25
Contacto: biblioteca@facimed.uncoma.edu.ar
© 2011 - 2026